|
|
|
|
| LEADER |
00705nab a2200181 i 4500 |
| 001 |
acta21340 |
| 005 |
20210610134336.0 |
| 008 |
161015s1939 hu o 0|| hun d |
| 022 |
|
|
|a 0324-6817
|
| 040 |
|
|
|a SZTE Egyetemi Kiadványok Repozitórium
|b hun
|
| 041 |
|
|
|a hun
|
| 100 |
1 |
|
|a Stiller Győző
|
| 245 |
1 |
0 |
|a Kiegészitő [!kiegészítő] adatok Csongrád vármegye bogárfaunájához
|h [elektronikus dokumentum] /
|c Stiller Győző
|
| 260 |
|
|
|c 1939
|
| 300 |
|
|
|a 41-56
|
| 490 |
0 |
|
|a Acta Universitatis Szegediensis : sectio scientarium naturalium : pars zoologica
|v 5
|
| 695 |
|
|
|a Csongrád megye, Biológia
|
| 856 |
4 |
0 |
|u http://acta.bibl.u-szeged.hu/21340/1/biologica_zoologica_005_041-056.pdf
|z Dokumentum-elérés
|